| 000 | 00387nam a22001457a 4500 | ||
|---|---|---|---|
| 003 | SGT | ||
| 020 | _a938426635-3 | ||
| 082 |
_a615.7 _bMAD |
||
| 100 | _aMADDI, DR. ESWAR GUPTA | ||
| 245 | _aCLINICAL PHARMACOKINETICS & PHARMACOTHERAPEUTIC DRUG MONITORING | ||
| 260 |
_aINDIA _bBIRLA PUB. _c2025 |
||
| 300 | _a56 | ||
| 650 | _aPHARMACOKINETICS & PHARMACOTHERAPEUTIC | ||
| 942 |
_2ddc _cBK |
||
| 999 |
_c32958 _d32958 |
||